Oxidation of petrochemicals: Chemistry and technology (Record no. 35449)
[ view plain ]
| 000 -LEADER | |
|---|---|
| fixed length control field | 00371nam a2200133Ia 4500 |
| 082 ## - DEWEY DECIMAL CLASSIFICATION NUMBER | |
| Classification number | 552:665.71 |
| Item number | DUM;1 |
| 100 ## - MAIN ENTRY--AUTHOR NAME | |
| Personal name | BULANI, Alter |
| 245 #0 - TITLE STATEMENT | |
| Title | Oxidation of petrochemicals: Chemistry and technology |
| 260 ## - PUBLICATION, DISTRIBUTION, ETC. (IMPRINT) | |
| Place of publication | London |
| Name of publisher | Applied Science |
| Year of publication | 1974 |
| 650 ## - SUBJECT ADDED ENTRY--TOPICAL TERM | |
| Topical Term | Petrochemicals |
| 700 ## - ADDED ENTRY--PERSONAL NAME | |
| Personal name | DUMAS, Theodore |
| 942 ## - ADDED ENTRY ELEMENTS (KOHA) | |
| Koha item type | Books |
| Withdrawn status | Lost status | Damaged status | Not for loan | Home library | Current library | Date acquired | Full call number | Accession Number | Koha item type |
|---|---|---|---|---|---|---|---|---|---|
| RRII Library | RRII Library | 16/12/2021 | 552:665.71 DUM;1 | 15873 | Books |